كتاب التاريخ الكبير للبخاري

Bibliographic Details
Main Authors: بخاري، محمد بن اسماعيل , 810-870 (Author), ابن ابي حاتم, عبد الرحمن بن محمد , 854 or 5-938 (Author)
Format: Book
Language:Arabic
Published: Qahirah : Faruq al-Hadithah lil-Tiba`ah wa-al-Nashr , [1986?]
Subjects:

MARC

LEADER 00000cam a2200000 7i4500
001 0000044721
005 20230110093000.0
008 080219s1986 ua ara
090 0 0 |a BP136.48   |b .B84 1986 
100 1 |a بخاري، محمد بن اسماعيل ,   |d 810-870 ,   |e author 
240 1 0 |a تاريخ الكبير 
241 1 0 |a Kitab al-Tarikh al-kabir lil-Bukhari 
245 1 0 |a كتاب التاريخ الكبير للبخاري   |c تأليف الحافيظ النقاد شيخ الاسلام جبل الحفيظ وامام الدنيا ابي عبد الله اسماعيل بن ابراهيم الجعفي البخاري 
260 |a Qahirah :   |b Faruq al-Hadithah lil-Tiba`ah wa-al-Nashr ,   |c [1986?] 
300 |a 11 v. ;   |c 25 cm. 
500 |a Vol. 9. كتاب بيان خطأ البخاري في تاريخه -- Vol. 11. فهارس التاريخ الكبير للبخاري 
504 |a Includes bibliographical references 
650 0 |a Hadith scholars   |v Biography 
650 0 |a Hadith   |x Authorities   |v Early works to 1800 
700 1 |a ابن ابي حاتم, عبد الرحمن بن محمد ,   |d 854 or 5-938   |t كتاب بيان خطأ البخاري في تاريخه ,   |e author 
740 0 2 |a فهارس التاريخ الكبير للبخاري 
740 0 2 |a كتاب بيان خطأ البخاري 
999 |a 1000115497   |b Book   |c Reference   |e Gong Badak Campus 
999 |a 1000115498   |b Book   |c Reference   |e Gong Badak Campus 
999 |a 1000115499   |b Book   |c Reference   |e Gong Badak Campus 
999 |a 1000115500   |b Book   |c Reference   |e Gong Badak Campus 
999 |a 1000115501   |b Book   |c Reference   |e Gong Badak Campus 
999 |a 1000115502   |b Book   |c Reference   |e Gong Badak Campus 
999 |a 1000115503   |b Book   |c Reference   |e Gong Badak Campus 
999 |a 1000115504   |b Book   |c Reference   |e Gong Badak Campus 
999 |a 1000115505   |b Book   |c Reference   |e Gong Badak Campus 
999 |a 1000115506   |b Book   |c Reference   |e Gong Badak Campus 
999 |a 1000115507   |b Book   |c Reference   |e Gong Badak Campus